|
|
|
|
| LEADER |
00773nam a22002418a 4500 |
| 001 |
00042890 |
| 005 |
20181026081031.0 |
| 008 |
171101s2017####-vm#################vie|d |
| 020 |
# |
# |
|a 978 604 68 4420 4
|c 120000
|
| 041 |
0 |
# |
|a Vie
|
| 082 |
# |
# |
|a 959.704 3
|b CH527N
|
| 100 |
1 |
# |
|e Biên soạn
|a Trầm, Hương
|
| 245 |
1 |
0 |
|b Tập truyện ký
|a Chuyện năm 1968
|c Trầm Hương
|
| 260 |
# |
# |
|b Văn hóa - Văn nghệ
|c 2018
|a Tp. Hồ Chí Minh
|
| 300 |
# |
# |
|a 432 tr.
|c 24 cm.
|
| 653 |
# |
# |
|a Chiến dịch
|
| 653 |
# |
# |
|a Chiến tranh Việt Nam
|
| 653 |
# |
# |
|a Lịch sử
|
| 653 |
# |
# |
|a anh hùng
|
| 852 |
# |
# |
|j KD.0024873
|
| 910 |
0 |
# |
|d 25/10/2018
|
| 980 |
# |
# |
|a Trung tâm Học liệu Lê Vũ Hùng, Trường Đại học Đồng Tháp
|